Wordt geladen...

ചരിത്രത്തിനൊപ്പം നടന്ന ഒരാള്‍ /

Bibliografische gegevens
Hoofdauteur: അനില്‍കുമാര്‍ എ. വി
Andere auteurs: Anilkumar A. V.
Formaat: Printed Book
Taal:English
Gepubliceerd in: കോഴിക്കോട് : ലിപി പബ്നിക്കേഷന്‍സ്, 2016.
Editie:10th ed.
Onderwerpen:
LEADER 01286nam a22002657a 4500
008 170523b xxu||||| |||| 00| 0 eng d
999 |c 18440  |d 18440 
020 |a 9788188019328 
082 |a 923.20532  |b NAM/ANI 
100 |a അനില്‍കുമാര്‍ എ. വി. 
240 |a Charithrathinoppam nadanna oral 
245 |a ചരിത്രത്തിനൊപ്പം നടന്ന ഒരാള്‍ /  |c അനില്‍കുമാര്‍ എ. വി. 
250 |a 10th ed. 
260 |a കോഴിക്കോട് :  |b ലിപി പബ്നിക്കേഷന്‍സ്,  |c 2016. 
300 |a 224p. 
600 |a Nambbothirippad, E. M. S. 
600 |a നമ്പൂതിരിപ്പാട്, ഇ. എം. എസ്. 
650 |a Biography 
650 |a Politics 
650 |a ജീവചരിത്രം 
650 |a Communist 
700 |a Anilkumar A. V. 
942 |2 ddc  |c BK 
952 |0 0  |1 0  |2 ddc  |4 0  |6 923_205320000000000_NAM_ANI  |7 0  |9 25665  |a MAIN  |b MAIN  |d 2017-05-23  |e Lipi Publications  |g 200.00  |l 1  |o 923.20532 NAM/ANI  |p 24712  |r 2017-12-08  |s 2017-11-23  |t 1  |w 2017-05-23  |y BK 
952 |0 0  |1 0  |2 ddc  |4 0  |6 923_205320000000000_NAM_ANI  |7 0  |9 38594  |a MAIN  |b MAIN  |d 2020-01-04  |e Lipi Publications  |g 200.00  |o 923.20532 NAM/ANI  |p 35536  |r 2020-01-04  |t 1  |w 2020-01-04  |y BK